| Tag |
First Indicator |
Second Indicator |
Subfields |
| LEADER |
00000cam a2200000 4500 |
| 001 |
in00000500039 |
| 005 |
20151013061014.0 |
| 008 |
750904r19711936ch b 00110 eng |
| 010 |
|
|
|a 37003189
|
| 035 |
|
|
|a (OCoLC)01597677
|
| 035 |
|
|
|9 ACC9355AM
|
| 040 |
|
|
|a KSU
|c KSU
|d TXA
|d UtOrBLW
|
| 049 |
|
|
|a TXAM
|c [1106270]
|
| 090 |
|
|
|a DS740.5.G2
|b C5 1971
|
| 100 |
1 |
|
|a Chang, Feng-chen,
|d 1902-
|
| 245 |
1 |
4 |
|a The diplomatic relations between China and Germany since 1898 /
|c by Feng Djen Djang.
|
| 264 |
|
1 |
|a Taipei, China :
|b Ch'eng Wen Publishing co.,
|c 1971.
|
| 300 |
|
|
|a iv, 281 pages ;
|c 23 cm.
|
| 336 |
|
|
|a text
|b txt
|2 rdacontent
|
| 337 |
|
|
|a unmediated
|b n
|2 rdamedia
|
| 338 |
|
|
|a volume
|b nc
|2 rdacarrier
|
| 500 |
|
|
|a Reprint of the 1936 edition.
|
| 502 |
|
|
|b PH.D.
|c Johns Hopkins university
|d 1930.
|
| 504 |
|
|
|a Bibliography: pages [262]-270.
|
| 651 |
|
0 |
|a China
|x Foreign relations
|z Germany.
|
| 651 |
|
0 |
|a Germany
|x Foreign relations
|z China.
|
| 999 |
|
|
|a MARS
|
| 999 |
f |
f |
|s cc88ad26-26e0-3d76-8890-ab96c3793fdc
|i f8fad9a0-cb65-3006-8331-e65796b50f87
|t 0
|
| 952 |
f |
f |
|p normal
|a Texas A&M University
|b College Station
|c Sterling C. Evans Library
|d Evans: Library Stacks
|t 0
|e DS740.5.G2 C5 1971
|h Library of Congress classification
|i unmediated -- volume
|m A14802068580
|
| 998 |
f |
f |
|a DS740.5.G2 C5 1971
|t 0
|l Evans: Library Stacks
|